000 00542nam a22001577a 4500
999 _c20388
_d20388
008 240814b ||||| |||| 00| 0 eng d
082 _22023
_aUT
100 _aLopez, Roje Mae S.
_957535
245 _aPera sa basura :
_blived experiences of scavengers in digos city /
260 _aDigos City :
_bUMDC,
_cDecember 2023.
300 _aviii, 83 pages :
_c30 cm.
650 _aFinancial Management.
_xUndergraduate Thesis.
_957483
700 _aPantorilla, Jay Caizer P.
_957536
700 _aVillarta, Mary Antonette P.
_957537
942 _2ddc
_cUT